Current Pariah States - Statistics

General Stats
  • This quiz has been taken 832 times
  • The average score is 9 of 14
Answer Stats
Hint Answer % Correct
10 North Korea
95%
11 Russia
92%
4 Iran
88%
5 Israel
87%
12 Syria
83%
1 Afghanistan
82%
13 Venezuela
78%
2 Belarus
70%
8 Myanmar
61%
3 Eritrea
47%
7 Mali
47%
14 Zimbabwe
40%
9 Nicaragua
33%
6 Kosovo
31%
No matching quizzes found
Score Distribution
Percent of People with Each Score
Percentile by Number Answered
Your Score History
You have not taken this quiz